|
|
|
|
| LEADER |
01089nam a2200289 i 4500 |
| 001 |
784 |
| 003 |
BD-DhAAL |
| 005 |
20150302142519.0 |
| 008 |
150302s1979 nyu b 000 0 eng |
| 010 |
|
|
|a 79015285
|
| 020 |
|
|
|a 0878340408
|
| 040 |
|
|
|a DLC
|c DLC
|d DLC
|d BD-DhAAL
|
| 050 |
0 |
0 |
|a RG137
|b .B78
|
| 082 |
0 |
0 |
|a 613.9/43
|
| 100 |
1 |
|
|a Bruce, Judith,
|d 1946-
|9 8936
|
| 245 |
1 |
0 |
|a Contraceptives and common sense :
|b conventional methods reconsidered /
|c Judith Bruce, S. Bruce Schearer.
|
| 260 |
|
|
|a New York :
|b Population Council,
|c c1979.
|
| 300 |
|
|
|a ix, 125 p. ;
|c 23 cm.
|
| 490 |
1 |
|
|a A Public issues paper of the Population Council ; PI-03
|
| 504 |
|
|
|a Includes bibliographical references.
|
| 541 |
|
|
|e 784
|
| 650 |
|
0 |
|a Contraceptives.
|9 8937
|
| 700 |
1 |
|
|a Schearer, S. Bruce.
|9 8938
|
| 810 |
2 |
|
|a Population Council, New York.
|t Public issues paper of the Population Council ;
|v PI-03.
|9 8939
|
| 942 |
|
|
|2 ddc
|c BK
|
| 999 |
|
|
|c 33846
|d 33846
|
| 952 |
|
|
|0 0
|1 0
|2 ddc
|4 0
|6 613_943000000000000_BRU
|7 0
|9 52836
|a SCL
|b SCL
|c GEN
|d 2015-03-02
|l 0
|o 613.943 BRU
|p 3020000784
|r 2015-03-02
|t 1
|w 2015-03-02
|y BK
|